Zákon o daniach z príjmov

Úplné znenie zákona č. 286/1992 Zb. o daniach z príjmov, s vyznačením posledných zmien a praktickými príkladmi. Vzájomná súvislosť medzi výškou príjmov, výdavkov na dopravu a výškou odpočítateľných položiek. Úprava hospodárskeho výsledku v podvojnom účtovníctve. Vymedzenie pojmu závislých osôb.

Gespeichert in:
Bibliographische Detailangaben
Format: Buchkapitel
Sprache:Slowakisch
Schlagworte:
Tags: Tag hinzufügen
Keine Tags, Fügen Sie das erste Tag hinzu!

MARC

LEADER 00000naa a2200000 4500
001 r035235
005 20230919114626.1
041 0 |a slo 
044 |a SK 
245 1 0 |a Zákon o daniach z príjmov 
520 |a Úplné znenie zákona č. 286/1992 Zb. o daniach z príjmov, s vyznačením posledných zmien a praktickými príkladmi. Vzájomná súvislosť medzi výškou príjmov, výdavkov na dopravu a výškou odpočítateľných položiek. Úprava hospodárskeho výsledku v podvojnom účtovníctve. Vymedzenie pojmu závislých osôb. 
610 2 0 |a dane z príjmov 
610 2 0 |a osoby fyzické 
610 2 0 |a osoby právnické 
610 2 0 |a podnikanie 
610 2 0 |a výsledok hospodársky 
610 2 0 |a výdavky 
610 2 0 |a príjmy 
610 2 0 |a účtovníctvo 
610 2 0 |a zákony 
610 2 0 |a Slovensko 
610 2 0 |a 1992 
610 2 0 |a 1999